000 00543pam a2200205 a 4500
020 _a0195672550
_c345.00
041 _aeng
_hNULL
082 _a616
_bEDD/PIE
100 _aEDDLESTEN , M .
245 _aOXFORD HAND BOOK OF TROPICAL MEDICINE /
_cNULL.
_hTextual Documents
250 _a2 /
_b.
260 _aNULL :
_bOXFORD UNIVERSITY PRESS ,
_c2005.
300 _a686 :
_bxxvi ;
_cNULL .
365 _a345.00
_e1
700 _aPIERINI, S .
907 _a3418
930 _a1153
999 _c795689
_d795689
650 _aGEN.MEDICINE